=LDR 00000nam 2200000 4500 =001 INLIS000000000047052 =005 20161010153751.0 =006 =007 =008 =035 ##$$0010-071500000000022 =082 ##$$a 028.55 =090 ##$$a 028.5 sai r.2 =100 ##$$a gery jeffrey =245 ##$$a misi antariksa luar biasa =260 ##$$a elex media komputindo =300 ##$$a hln. 48 =850 ##$$a NPBMAT =990 ##$$a 2090100965/BPAP-NTB/2015